El Ateneo Guipuzcoano : (Record no. 193884)

MARC details
000 -LEADER
campo de control de longitud fija 03368nam a2200409 i 4500
001 - NÚMERO DE CONTROL
campo de control 193884
003 - IDENTIFICADOR DE NÚMERO DE CONTROL
campo de control SpMaBN
005 - FECHA Y HORA DE LA ÚLTIMA TRANSACCIÓN
campo de control 20250708200739.0
008 - DATOS DE LONGITUD FIJA--INFORMACIÓN GENERAL
campo de control de longitud fija 240226s2021 sp a | |||| 000 0 spa
015 ## - NÚMERO DE BIBLIOGRAFÍA NACIONAL
Número de bibliografía nacional MON21
017 ## - NÚMERO DE COPYRIGHT O DE DEPÓSITO LEGAL
Número de copyright o de depósito legal CO 1063-2021
Agencia que asigna Oficina Depósito Legal Córdoba
020 ## - NÚMERO INTERNACIONAL ESTÁNDAR DEL LIBRO
Número Internacional Estándar del Libro 9788416750719
040 ## - FUENTE DE CATALOGACIÓN
Centro catalogador/agencia de origen SpMaBN
Lengua de catalogación spa
Centro/agencia transcriptor SpMaBN
Normas de descripción rda
080 ## - NÚMERO DE LA CLASIFICACIÓN DECIMAL UNIVERSAL
Número de la Clasificación Decimal Universal 061.22(460.154.2)(091)
080 ## - NÚMERO DE LA CLASIFICACIÓN DECIMAL UNIVERSAL
Número de la Clasificación Decimal Universal 008(460.154.2)(091)
100 ## - ENTRADA PRINCIPAL--NOMBRE DE PERSONA
Nombre de persona Mina, Javier,
Fechas asociadas al nombre 1950-
9 (RLIN) 235347
Término indicativo de función/relación Autor
245 13 - MENCIÓN DEL TÍTULO
Título El Ateneo Guipuzcoano :
Resto del título una historia cultural de San Sebastián /
Mención de responsabilidad, etc. Javier Mina.
264 #1 - PRODUCCIÓN, PUBLICACIÓN, DISTRIBUCIÓN, FABRICACIÓN Y COPYRIGHT
Producción, publicación, distribución, fabricación y copyright [Córdoba] :
Nombre del de productor, editor, distribuidor, fabricante Almuzara,
Fecha de producción, publicación, distribución, fabricación o copyright [2021].
264 #4 - PRODUCCIÓN, PUBLICACIÓN, DISTRIBUCIÓN, FABRICACIÓN Y COPYRIGHT
Fecha de producción, publicación, distribución, fabricación o copyright ©2021
300 ## - DESCRIPCIÓN FÍSICA
Extensión 507 páginas :
Otras características físicas ilustraciones (blanco y negro) ;
Dimensiones 24 cm.
336 ## - TIPO DE CONTENIDO
Término de tipo de contenido Texto
-- Imagen fija
Fuente rdacontent
337 ## - TIPO DE MEDIO
Nombre/término del tipo de medio sin mediación
Fuente rdamedia
338 ## - TIPO DE SOPORTE
Nombre/término del tipo de soporte volumen
Fuente rdacarrier
490 1# - MENCIÓN DE SERIE
Mención de serie Historia (Almuzara)
504 ## - NOTA DE BIBLIOGRAFÍA, ETC.
Nota de bibliografía, etc. Bibliografía: páginas 503-507
520 ## - RESUMEN, ETC.
Sumario, etc. Este libro conecta la historia del Ateneo de San Sebastián, y luego Guipuzcoano, con la historia de la ciudad a través del siglo y medio de su existencia. El enfoque es básicamente cultural pero también ofrece un recorrido por los acontecimientos que marcaron la ciudad desde su condición siempre de enclave liberal, que lo mismo sufrió el asedio del integrismo carlista durante la Segunda Guerra al finalizar el s. XIX, que conoció el ensañamiento del integrismo totalitario al finalizar el s. XX. Como no podía ser menos, el Ateneo vivió en sus carnes las diferentes peripecias ideológicas y estuvo desaparecido por lo menos dos veces, en 1882 y en 1936, como consecuencia de la cerrazón ultraderechista. En otras ocasiones interrumpió sus actividades por diversos motivos, si bien renació continuamente de sus cenizas, de modo que se puede sostener sin ningún género de dudas que el Ateneo actual es el legítimo heredero del creado en 1870 por un grupo de donostiarras emprendedores. A lo largo de una existencia tan dilatada aunque principalmente nómada -nunca tuvo sede propia- ha ido dejando por el camino jirones enteros de vida (a veces se los arrebataron, como cuando las tropas franquistas ocuparon Donostia) y se pueden contar con los dedos de una mano los documentos que han subsistido del periodo 1870-1936. La notoriedad e importancia del Ateneo en la vida cultural de la ciudad eran tales en aquellos tiempos que la prensa recogía y reseñaba todas y cada una de sus actividades, lo que ha permitido reconstruir el itinerario de la entidad. Para el período que va desde 1944 a nuestros días se ha podido utilizar la documentación conservada. La historia del Ateneo, en definitiva, se ofrece como un espejo al ciudadano donostiarra.
610 04 - PUNTO DE ACCESO ADICIONAL DE MATERIA--NOMBRE DE ENTIDAD CORPORATIVA
Nombre de entidad corporativa o nombre de jurisdicción como elemento de entrada Ateneo Guipuzcoano
9 (RLIN) 2042
651 #0 - PUNTO DE ACCESO ADICIONAL DE MATERIA--NOMBRE GEOGRÁFICO
Nombre geográfico San Sebastián-
Subdivisión general Cultura-
Subdivisión de forma Historia
Fuente del encabezamiento o término embne
9 (RLIN) 235349
830 #0 - PUNTO DE ACCESO ADICIONAL DE SERIE-TÍTULO UNIFORME
Título uniforme Historia (Almuzara)
9 (RLIN) 240363
852 ## - LOCALIZACIÓN
Ubicación ES-MaACL
Sublocalización o colección R.154941
Ubicación en estantería Depósito J
Número de control de estantería N-9748
Encuadernación Encuadernación rústica con solapas
Anotaciones manuscritas Dedicatoria autógrafa del autor
Donativo/Legado Donación: Javier Mina
itemnumber 205413
903 ## - NOMBRE PERSONAL DE DONANTE
9 235347
a Mina, Javier,
d 1950-
e Donante
942 ## - ELEMENTOS DE ENTRADA SECUNDARIOS (KOHA)
Tipo de ítem Koha Libro impreso
Suprimir en OPAC No
Holdings
Estatus retirado Estado de pérdida Fuente del sistema de clasificación o colocación Estado de daño No para préstamo Colección Biblioteca de origen Biblioteca actual Ubicación en estantería Fecha de adquisición Fuente de adquisición Total de préstamos Signatura topográfica completa Código de barras Visto por última vez Precio de reemplazo Tipo de ítem Koha
    Clasificación decimal universal     Libros con dedicatorias Biblioteca del Ateneo de Madrid Biblioteca del Ateneo de Madrid Depósito J 12/05/2025 Donación   N-9748 101230065 12/05/2025 12/05/2025 Libro impreso